Modernization and British colonial rule in Egypt, 1882-1914 / (Record no. 54560)
[ view plain ]
| 000 -LEADER | |
|---|---|
| fixed length control field | 00887nam a2200277 a 4500 |
| 001 - CONTROL NUMBER | |
| control field | 54560 |
| 003 - CONTROL NUMBER IDENTIFIER | |
| rucl marc code | BD-RjUL |
| 005 - DATE AND TIME OF LATEST TRANSACTION | |
| control field | 20211209080134.0 |
| 008 - FIXED-LENGTH DATA ELEMENTS--GENERAL INFORMATION | |
| fixed length control field | 161107s1966 nju b 000 0 eng |
| 035 ## - SYSTEM CONTROL NUMBER | |
| System control number | (OCoLC)ocm00414799 |
| System control number | (BD-RjUL)54682 |
| System control number | (NNC)1212533 |
| 040 ## - CATALOGING SOURCE | |
| Original cataloging agency | DLC |
| Transcribing agency | DLC |
| Modifying agency | m/c |
| -- | ZCU |
| Language of cataloging | eng |
| 041 ## - LANGUAGE CODE | |
| Language code of text/sound track or separate title | eng |
| 082 ## - DEWEY DECIMAL CLASSIFICATION NUMBER | |
| Classification number | 962 |
| Author mark and year | TIM 1966 |
| 100 1# - MAIN ENTRY--PERSONAL NAME | |
| Personal name | Tignor, Robert L. |
| 9 (RLIN) | 162748 |
| 245 10 - TITLE STATEMENT | |
| Title | Modernization and British colonial rule in Egypt, 1882-1914 / |
| Statement of responsibility, etc. | by Robert L. Tignor. |
| 260 ## - PUBLICATION, DISTRIBUTION, ETC. (IMPRINT) | |
| Place of publication, distribution, etc. | Princeton, N.J. : |
| Name of publisher, distributor, etc. | Princeton University Press, |
| Date of publication, distribution, etc. | 1966. |
| 300 ## - PHYSICAL DESCRIPTION | |
| Pagination | xi, 417 p. : |
| Size | 22 cm. |
| 490 1# - SERIES STATEMENT | |
| Series statement | Princeton studies on the Near East |
| 504 ## - BIBLIOGRAPHY, ETC. NOTE | |
| Bibliography, etc | Bibliography: p. 401-406. |
| 651 #0 - SUBJECT ADDED ENTRY--GEOGRAPHIC NAME | |
| Geographic name | Egypt |
| General subdivision | History |
| Chronological subdivision | British occupation, 1882-1936. |
| 9 (RLIN) | 129270 |
| 830 #0 - SERIES ADDED ENTRY--UNIFORM TITLE | |
| Uniform title | Princeton studies on the Near East. |
| 942 ## - ADDED ENTRY ELEMENTS (KOHA) | |
| Source of classification or shelving scheme | Dewey Decimal Classification |
| Koha item type | Books |
| Lost status | Source of classification or shelving scheme | Damaged status | Not for loan | Collection code | Permanent Location | Current Location | Shelving location | Date acquired | Source of acquisition | Cost, normal purchase price | Total Checkouts | Full call number | Date last seen | Copy number | Koha item type |
|---|---|---|---|---|---|---|---|---|---|---|---|---|---|---|---|
| Dewey Decimal Classification | Non-fiction | Central Library, University of Rajshahi | Central Library, University of Rajshahi | 30/06/1970 | Zeetlinger | 21.00 | 962 TIM 1966 | 07/11/2016 | C-2 | Books |